LEADER 01161nam0 22002891i 450 001 VAN0011195 005 20051019120000.0 010 $a88-14-01199-0 020 $aIT$b88 294 100 $a20030102d1987 |0itac50 ba 101 $aita 102 $aIT 105 $a|||| ||||| 200 1 $aGiurisprudenza bancaria, 1984-1985$eimpresa, contratti, titoli, disciplina penale, rapporti di lavoro, diciplina fiscale 210 $aMilano$cGiuffrè$d1987 215 $a534 p.$d25 cm. 410 1$1001VAN0011241$12001 $aRassegne di diritto e legislazione bancaria$1210 $aMilano$cGiuffrè$d1982-.$v5 606 $aBanche$xGiurisprudenza$x1984-1985$3VANC006095$2FI 620 $dMilano$3VANL000284 676 $a346.450820264$v21 712 $aGiuffrè $3VANV109181$4650 801 $aIT$bSOL$c20230616$gRICA 899 $aBIBLIOTECA DEL DIPARTIMENTO DI GIURISPRUDENZA$1IT-CE0105$2VAN00 912 $aVAN0011195 950 $aBIBLIOTECA DEL DIPARTIMENTO DI GIURISPRUDENZA$d00CONS VI.F.6 1984/85 $e00 17102 20030107 996 $aGiurisprudenza bancaria, 1984-1985$91429818 997 $aUNICAMPANIA